Personnalités nées ou mortes en Île-de-France (ou les deux) ? - Statistiques

Statistiques générales
  • Ce quiz a été pris 11 fois
  • Le résultat moyen est 10 sur 20
Statistiques - réponses
Question Réponse % Correct
Lady Diana (Diana Spencer)
Morte
100%
Jim Morrison
Mort
91%
Claude François
Mort
73%
Cabu
Mort
73%
Georges Pompidou
Mort
64%
Simone de Beauvoir
Les deux
55%
Victor Hugo
Mort
55%
Jean-Marie Le Pen
Mort
55%
Molière (Jean-Baptiste Poquelin)
Les deux
45%
Jacques Chirac
Les deux
45%
Cardinal de Richelieu
Les deux
45%
Alfred Dreyfus
Mort
45%
Léon Blum
Les deux
36%
Édith Piaf
Née
36%
Johnny Hallyday
Les deux
27%
Talleyrand
Mort
27%
Louis de Funès
27%
Claude Monet
18%
Christophe (chanteur)
18%
Charles Aznavour
18%
Aucun quiz correspondant
Distribution des résultats
% des personnes avec chaque résultat
Percentile par nombre de réponses
Votre historique - résultats
Vous n’avez pas pris ce quiz